Pulau Rusa : Hasmadi

Bibliographic Details
Main Author: Hasmadi
Format: Book
Published: Kuala Lumpur : Cipta Publishing , 1993
Subjects:

MARC

LEADER 00000cam a2200000 7i4500
001 0000006992
002 000007529
005 20000330.0
020 |a 9838090298 
090 0 0 |a JF   |b HAS 
100 0 |a Hasmadi 
245 1 0 |a Pulau Rusa :   |b Hasmadi 
260 |a Kuala Lumpur :   |b Cipta Publishing ,   |c 1993 
300 |a 41p. :   |b ill. ;   |c 21cm. 
650 0 0 |a Children's stories, Malay 
999 |a 028699   |b BUKU   |c PINJAMAN   |e PERPUSTAKAAN KOMUNITI PETALING JAYA